Music Quiz

Random Music or Lyrics Quiz

Drinking Songs Quiz Stats

 Plays Quiz Updated Nov 21, 2012

Challenge
Share
Tweet
Embed
Score 0/40 Timer 08:00
3 Plays Today
% Correct
water
77.1%
wine
74.2%
margarita
72.7%
wine
72.1%
beer
72.1%
wine
70.7%
rye
70.5%
water
68.7%
wine
66%
wine
64.4%
champagne
59.4%
whiskey
58.5%
tequila sunrise
57.7%
wine
54.7%
beer
50.8%
cherry cola
50.3%
whiskey
48.4%
whiskey
47.7%
wine
46.5%
coffee
45.6%
% Correct
cider
44.6%
moonshine
44.3%
wine
43.5%
rosé
42.6%
Moet et Chandon
41.2%
coffee
40.5%
bloody marys
39.7%
tea
38%
tea
34.7%
gin
33.7%
coffee
32.6%
piña colada
30.6%
soy latte
30.3%
soda
30%
coffee
29.9%
coffee
29%
lemonade
23.4%
cherry wine
23.3%
vodka
22.9%
milk
14.6%

You're not logged in!

Compare scores with friends on all Sporcle quizzes.
Join for Free
OR
Log In

You Might Also Like...

Show Comments

Extras

Top Quizzes Today


Score Distribution

Your Account Isn't Verified!

In order to create a playlist on Sporcle, you need to verify the email address you used during registration. Go to your Sporcle Settings to finish the process.

Report this User

Report this user for behavior that violates our Community Guidelines.

Details: